000 00694nam a2200217 a 4500
001 000025424
005 20240412074251.0
008 110216s19uu dr r 000 p spa d
040 _aDO-SdBNP
_bspa
_cBNPHU
082 _aRD861.3
_bU75a
100 1 _aUreña de Henríquez, Salomé ,
_d1850-1897
_9920
245 1 0 _aAnacaona /
_cSalomé Ureña de Henríquez.
260 _aSanto Domingo :
_bPublicaciones América,
_c[19--?].
300 _a94 p. ;
_c21 cm.
490 1 _aParnaso dominicano
590 _aInventariado, 2018/BT
650 0 _aPoesía dominicana
_966
650 0 _aLiteratura dominicana.
_967
830 0 _aParnaso dominicano
_911352
910 _aValidado. Control de calidad. MFF
999 _c24916
_d24916